000 00616nam a22001937a 4500
999 _c15727
_d15727
003 OSt
005 20201112143847.0
008 181213b ||||| |||| 00| 0 eng d
022 _a0730-3084
040 _c0
082 _aDPer 613.705 J863 Sept 2015-Apr 2016 v. 86-87
100 _aBeighle, Aaron
_933108
245 _aEmbracing a brand/
_cAaron Beighle.
260 _aPhiladelphia:
_bShape America-Society of Health and Physical Educators,
_c©Sept 2015-Apr 2016.
300 _av86, n7, pages 5-6:
_billustrations;
_c28 cm.
500 _aJOPERD
650 _a Education
_v
_933110
_x Branding.
942 _2ddc
_cPER